000 00550nam a2200181Ia 4500
005 20250508163512.0
008 008 250505s9999 xx 000 0 eng d
037 _aTextual
040 _aFEDL
_beng
_cFEDL
041 _aeng
_2eng
084 _a372, NCE
_qFEDL
245 0 _aResearch based interventions in primary education
260 _aNew Delhi, India
_bNational Council of Educational Research and Training
_c1994
300 _a153p.
650 _aElementary Education
942 _cTEXL
_h372, NCE
999 _c1383727
_d1383727